Agricultural expansion and pioneer settlements in the humid tropics : (Record no. 11482)

000 -LEADER
fixed length control field 00590nam a2200169Ia 4500
020 ## - INTERNATIONAL STANDARD BOOK NUMBER
ISBN 928080636X
040 ## - CATALOGING SOURCE
Transcribing agency MUU
082 ## - DEWEY DECIMAL CLASSIFICATION NUMBER
Classification number 307 UNI 1988 A015 Or.
245 00 - TITLE STATEMENT
Title Agricultural expansion and pioneer settlements in the humid tropics :
Remainder of title selected papers presented at a workshop held in Kuala Lumpur, 17-21 September 1985 /
260 ## - PUBLICATION, DISTRIBUTION, ETC. (IMPRINT)
Place of publication Tokyo, Japan :
Name of publisher United Nations University,
Year of publication c1988
300 ## - PHYSICAL DESCRIPTION
Number of Pages vi, 305 p. :
Other physical details ill., maps ;
Dimensions 24 cm
650 #0 - SUBJECT ADDED ENTRY--TOPICAL TERM
Topical Term Agricultural colonies
650 #0 - SUBJECT ADDED ENTRY--TOPICAL TERM
Topical Term Natural resources
700 10 - ADDED ENTRY--PERSONAL NAME
Personal name Manshard, Walther,
700 10 - ADDED ENTRY--PERSONAL NAME
Personal name Morgan, William B.,
942 ## - ADDED ENTRY ELEMENTS (KOHA)
Koha item type សៀវភៅភាសាអង់គ្លេស
952 ## - LOCATION AND ITEM INFORMATION (KOHA)
Withdrawn status [LOCAL, KOHA] 0
Holdings
Permanent Location Date acquired Koha item type Lost status Shelving location Barcode Current Location Full call number
Library Block A2017-08-02សៀវភៅភាសាអង់គ្លេស A015a10352Library Block A307 UNI 1988 A015 Or.
មជ្ឈមណ្ឌលឯការនៃសាកលវិទ្យាល័យភូមិន្ទកសិកម្មចំការដូង

Powered by Koha